Catálogo
 En Linea

Atrévete a ser feliz / (Registro nro. 49289)

Detalles MARC
000 -CABECERA
campo de control de longitud fija 00864nam a22002657a 4500
003 - IDENTIFICADOR DEL NÚMERO DE CONTROL
campo de control OSt
005 - FECHA Y HORA DE LA ÚLTIMA TRANSACCIÓN
campo de control 20201216115759.0
007 - CAMPO FIJO DE DESCRIPCIÓN FÍSICA--INFORMACIÓN GENERAL
campo de control de longitud fija ta
008 - DATOS DE LONGITUD FIJA--INFORMACIÓN GENERAL
campo de control de longitud fija 201216e2019 dr ac||gri||| 001 0 spa d
020 ## - NÚMERO INTERNACIONAL ESTÁNDAR DEL LIBRO
Número Internacional Estándar del Libro 9789945854794
040 ## - FUENTE DE LA CATALOGACIÓN
Centro catalogador/agencia de origen DO-sdBNP
Lengua de catalogación spa
Centro/agencia transcriptor BNPHU
041 ## - CÓDIGO DE LENGUA
Código de lengua original spa
082 ## - NÚMERO DE LA CLASIFICACIÓN DECIMAL DEWEY
Número de clasificación BNPHU- xxxx
Número de documento/Ítem H632a
100 ## - ENTRADA PRINCIPAL--NOMBRE DE PERSONA
Nombre de persona Hidalgo , Saulo
9 (RLIN) 386
245 ## - MENCIÓN DE TÍTULO
Título Atrévete a ser feliz /
Mención de responsabilidad, etc. Rafael Nín , ed.
260 ## - PUBLICACIÓN, DISTRIBUCIÓN, ETC.
Lugar de publicación, distribución, etc. Santo Domingo :
Nombre del editor, distribuidor, etc. Serigraf ,
Fecha de publicación, distribución, etc. 2019
300 ## - DESCRIPCIÓN FÍSICA
Extensión 214 pg.
Otras características físicas il. , retratos ;
Dimensiones 21 cm
500 ## - NOTA GENERAL
Nota general Incluye datos biográficos del autor.
505 1# - NOTA DE CONTENIDO CON FORMATO
Nota de contenido con formato Dedicatoria.- agradecimiento.- introducción.-
505 1# - NOTA DE CONTENIDO CON FORMATO
Nota de contenido con formato Parte a:
Título ¿Qué es la felcidad?.-
-- Pasos para ser feliz.-
505 1# - NOTA DE CONTENIDO CON FORMATO
Nota de contenido con formato Parte B :
Título Razones para ser feliz.-
505 1# - NOTA DE CONTENIDO CON FORMATO
Nota de contenido con formato Parte c :
Título Principios para ser y vivir feliz.-
700 ## - PUNTO DE ACCESO ADICIONAL--NOMBRE DE PERSONA
Nombre de persona Nín , Rafael
Término indicativo de función/relación ed.
9 (RLIN) 77618
942 ## - ELEMENTOS DE PUNTO DE ACCESO ADICIONAL (KOHA)
Fuente del sistema de clasificación o colocación Dewey Decimal Classification
Tipo de ítem Koha Libro
Existencias
Estado de retiro Estado de pérdida Fuente del sistema de clasificación o colocación No para préstamo Código de colección Localización permanente Ubicación/localización actual Ubicación en estantería Fuente de adquisición Total de préstamos Signatura topográfica completa Código de barras Fecha visto por última vez Precio válido a partir de Tipo de ítem Koha Fecha de adquisición Número de copia
    Dewey Decimal Classification Préstamo en sala Dominicana de Servicio Biblioteca Nacional Pedro Henríquez Ureña General Depósito Depósito legal   BNPHU- DS xxxx H632a 2020-0777 16.12.2020 16.12.2020 Libro y Folleto Colección Dominicana de Servicio 09.10.2020 e.3
    Dewey Decimal Classification Excluido de préstamo Patrimonio Dominicano Biblioteca Nacional Pedro Henríquez Ureña Patrimonio Dominicano Depósito Depósito legal   BNPHU- PD xxxx H632a 2020-0775 16.12.2020 16.12.2020 Libro y Folleto Colección Patrimonio Dominicano    
    Dewey Decimal Classification Préstamo restrigido Patrimonio Dominicano Biblioteca Nacional Pedro Henríquez Ureña Patrimonio Dominicano Depósito Depósito legal   BNPHU- PD xxxx H632a 2020-0776 16.12.2020 16.12.2020 Libro y Folleto Colección Patrimonio Dominicano 09.10.2020 e.2

Con tecnología Koha